[Event "94th Paris-ch  2019"]
[Site "Paris"]
[Date "2019.07.09"]
[Round "4.12"]
[White "Fitzsimons, David"]
[Black "Moksh Amit Doshi"]
[Result "0-1"]
[WhiteElo "2301"]
[BlackElo "2229"]
[Annotator "NA"]
[PlyCount "206"]
[EventDate "2019.07.07"]
[EventType "swiss"]
[EventCountry "FRA"]
[SourceTitle "playchess.com"]
[Source "ChessBase"]
[SourceQuality "1"]
[TimeControl "5400+30"]

1. e4 {[%emt 0:08:46]} e5 {[%emt 0:01:03]} 2. Nf3 {[%emt 0:00:17]} Nc6 {[%emt 0:00:10]} 3. Bc4 {[%emt 0:00:17]} Bc5 {[%emt 0:00:10]} 4. O-O {[%emt 0:00:13]} Nf6 {[%emt 0:00:08]} 5. d3 {[%emt 0:00:07]} d6 {[%emt 0:00:21]} 6. c3 {[%emt 0:00:13]} a6 {[%emt 0:01:02]} 7. Bb3 {[%emt 0:00:30]} O-O {[%emt 0:00:09]} 8. h3 {[%emt 0:00:31]} h6 {[%emt 0:00:17]} 9. Re1 {[%emt 0:02:36]} Re8 {[%emt 0:00:12]} 10. Nbd2 {[%emt 0:00:39]} Be6 {[%emt 0:00:22]} 11. Bc2 {[%emt 0:01:18]} d5 {[%emt 0:00:24]} 12. Qe2 {[%emt 0:01:31]} dxe4 {[%emt 0:04:04]} 13. dxe4 {[%emt 0:00:07]} Nh5 {[%emt 0:01:07]} 14. Nb3 {[%emt 0:10:57]} Bxb3 {[%emt 0:09:23]} 15. Bxb3 {[%emt 0:02:30]} Qf6 {[%emt 0:00:43]} 16. Bd5 {[%emt 0:07:26]} Rab8 {[%emt 0:05:07]} 17. b4 {[%emt 0:08:29]} Bb6 {[%emt 0:01:10]} 18. Nh2 {[%emt 0:04:22]} Nf4 {[%emt 0:07:35]} 19. Qf3 {[%emt 0:01:08]} Ne7 {[%emt 0:04:36]} 20. Ng4 {[%emt 0:01:43]} Qd6 {[%emt 0:01:42]} 21. Bc4 {[%emt 0:05:12]} Neg6 {[%emt 0:04:19]} 22. g3 {[%emt 0:02:17]} Ne6 {[%emt 0:02:08]} 23. Bxh6 {[%emt 0:00:59]} gxh6 {[%emt 0:02:12]} 24. Nxh6+ {[%emt 0:02:33]} Kh7 {[%emt 0:00:07]} 25. Nxf7 {[%emt 0:03:25]} Qf8 {[%emt 0:02:25]} 26. Bxe6 {[%emt 0:09:44]} Rxe6 {[%emt 0:00:45]} 27. Ng5+ {[%emt 0:00:20]} Kg8 {[%emt 0:00:11]} 28. Qxf8+ {[%emt 0:00:40]} Nxf8 {[%emt 0:00:06]} 29. Nxe6 {[%emt 0:00:07]} Nxe6 {[%emt 0:00:05]} 30. Rad1 {[%emt 0:00:39]} Rf8 {[%emt 0:00:55]} 31. Re2 {[%emt 0:00:09]} Rf3 {[%emt 0:00:50]} 32. c4 {[%emt 0:05:23]} Rxg3+ {[%emt 0:02:15]} 33. Kh2 {[%emt 0:00:05]} Rf3 {[%emt 0:00:27]} 34. c5 {[%emt 0:00:10]} Ba7 {[%emt 0:00:46]} 35. Rg1+ {[%emt 0:01:51]} Kf7 {[%emt 0:01:31]} 36. Rg3 {[%emt 0:01:50]} Rf6 {[%emt 0:00:11]} 37. Rd2 {[%emt 0:00:12]} Nd4 {[%emt 0:05:39]} 38. Kg2 {[%emt 0:00:05]} b6 {[%emt 0:00:22]} 39. cxb6 {[%emt 0:06:14]} Bxb6 {[%emt 0:00:37]} 40. Rg5 {[%emt 0:01:03]} Ke6 {[%emt 0:06:01]} 41. Rg7 {[%emt 0:01:23]} Rf4 {[%emt 0:00:52]} 42. Rg4 {[%emt 0:00:35]} Rf6 {[%emt 0:01:02]} 43. h4 {[%emt 0:02:29]} Nf3 {[%emt 0:01:51]} 44. Re2 {[%emt 0:01:06]} Nd4 {[%emt 0:00:06]} 45. Re3 {[%emt 0:01:16]} Nc2 {[%emt 0:00:09]} 46. Re2 {[%emt 0:00:11]} Nxb4 {[%emt 0:01:45]} 47. h5 {[%emt 0:01:45]} Nd3 {[%emt 0:01:00]} 48. Rd2 {[%emt 0:02:13]} Nf4+ {[%emt 0:00:42]} 49. Kg1 {[%emt 0:00:49]} Nxh5 {[%emt 0:00:19]} 50. Rg8 {[%emt 0:00:25]} Nf4 {[%emt 0:01:13]} 51. Re8+ {[%emt 0:00:32]} Kf7 {[%emt 0:00:06]} 52. Rxe5 {[%emt 0:00:18]} Bd4 {[%emt 0:00:15]} 53. Rf5 {[%emt 0:02:31]} Rxf5 {[%emt 0:00:06]} 54. exf5 {[%emt 0:00:05]} c5 {[%emt 0:00:06]} 55. Rc2 {[%emt 0:00:22]} Kf6 {[%emt 0:00:21]} 56. Rc4 {[%emt 0:00:10]} Kxf5 {[%emt 0:00:28]} 57. Ra4 {[%emt 0:00:05]} Ke4 {[%emt 0:00:16]} 58. Rxa6 {[%emt 0:01:06]} c4 {[%emt 0:00:09]} 59. Rc6 {[%emt 0:00:08]} Kd3 {[%emt 0:00:08]} 60. Kh2 {[%emt 0:01:14]} Bxf2 {[%emt 0:01:45]} 61. a4 {[%emt 0:00:05]} c3 {[%emt 0:00:17]} 62. a5 {[%emt 0:00:04]} c2 {[%emt 0:00:26]} 63. a6 {[%emt 0:00:07]} Nd5 {[%emt 0:00:05]} 64. Rxc2 {[%emt 0:05:55]} Kxc2 {[%emt 0:00:24]} 65. Kg2 {[%emt 0:00:04]} Bb6 {[%emt 0:00:07]} 66. Kf3 {[%emt 0:00:04]} Nc7 {[%emt 0:00:06]} 67. Ke4 {[%emt 0:00:12]} Nxa6 {[%emt 0:00:30]} 68. Kd5 {[%emt 0:00:06]} Nb4+ {[%emt 0:00:19]} 69. Kc4 {[%emt 0:00:05]} Nd3 {[%emt 0:00:08]} 70. Kd5 {[%emt 0:00:04]} Kc3 {[%emt 0:00:05]} 71. Kc6 {[%emt 0:00:06]} Bd4 {[%emt 0:00:19]} 72. Kd5 {[%emt 0:00:05]} Nb4+ {[%emt 0:00:07]} 73. Ke4 {[%emt 0:00:10]} Kc4 {[%emt 0:00:10]} 74. Kf3 {[%emt 0:00:05]} Kd3 {[%emt 0:00:04]} 75. Kf4 {[%emt 0:00:03]} Bc5 {[%emt 0:00:58]} 76. Ke5 {[%emt 0:00:17]} Ke3 {[%emt 0:00:04]} 77. Kf5 {[%emt 0:00:08]} Nd3 {[%emt 0:00:05]} 78. Ke6 {[%emt 0:00:08]} Ke4 {[%emt 0:00:03]} 79. Kd7 {[%emt 0:00:04]} Kd5 {[%emt 0:00:04]} 80. Kc7 {[%emt 0:00:03]} Ne5 {[%emt 0:00:09]} 81. Kb7 {[%emt 0:00:32]} Kd6 {[%emt 0:00:35]} 82. Kc8 {[%emt 0:00:06]} Bb6 {[%emt 0:01:21]} 83. Kb7 {[%emt 0:00:05]} Kc5 {[%emt 0:00:03]} 84. Kc8 {[%emt 0:00:05]} Kc6 {[%emt 0:00:04]} 85. Kb8 {[%emt 0:00:06]} Nc4 {[%emt 0:02:01]} 86. Ka8 {[%emt 0:00:18]} Bc7 {[%emt 0:00:21]} 87. Ka7 {[%emt 0:00:03]} Nb6 {[%emt 0:03:04]} 88. Ka6 {[%emt 0:01:22]} Bb8 {[%emt 0:00:18]} 89. Ka5 {[%emt 0:00:04]} Nd5 {[%emt 0:00:03]} 90. Ka6 {[%emt 0:00:05]} Nc7+ {[%emt 0:00:22]} 91. Ka5 {[%emt 0:00:05]} Nd5 {[%emt 0:00:54]} 92. Ka6 {[%emt 0:00:04]} Nb4+ {[%emt 0:00:04]} 93. Ka5 {[%emt 0:00:04]} Kc5 {[%emt 0:00:03]} 94. Ka4 {[%emt 0:00:03]} Kc4 {[%emt 0:00:14]} 95. Ka5 {[%emt 0:00:08]} Bc7+ {[%emt 0:00:02]} 96. Ka4 {[%emt 0:00:04]} Nd3 {[%emt 0:00:45]} 97. Ka3 {[%emt 0:00:05]} Bb6 {[%emt 0:00:08]} 98. Ka4 {[%emt 0:00:03]} Nb2+ {[%emt 0:00:06]} 99. Ka3 {[%emt 0:00:04]} Kc3 {[%emt 0:00:06]} 100. Ka2 {[%emt 0:00:04]} Bc5 {[%emt 0:00:10]} 101. Kb1 {[%emt 0:00:04]} Nd3 {[%emt 0:00:04]} 102. Ka1 {[%emt 0:00:11]} Kc2 {[%emt 0:00:07]} 103. Ka2 {[%emt 0:00:04]} Nc1+ {[%emt 0:00:03]} 0-1

[Event "94th Paris-ch  2019"]
[Site "Paris"]
[Date "2019.07.09"]
[Round "4.13"]
[White "Macon, Arthur"]
[Black "Albaric, Etienne"]
[Result "0-1"]
[WhiteElo "2270"]
[BlackElo "2225"]
[Annotator "NA"]
[PlyCount "152"]
[EventDate "2019.07.07"]
[EventType "swiss"]
[EventCountry "FRA"]
[SourceTitle "playchess.com"]
[Source "ChessBase"]
[SourceDate "2019.07.09"]
[SourceQuality "1"]
[TimeControl "5400+30"]

1. Nf3 {[%emt 0:09:48]} c5 {[%emt 0:41:33]} 2. c4 {[%emt 0:00:53]} Nc6 {[%emt 0:00:04]} 3. Nc3 {[%emt 0:00:31]} g6 {[%emt 0:00:17]} 4. g3 {[%emt 0:01:10]} Bg7 {[%emt 0:00:03]} 5. Bg2 {[%emt 0:00:19]} d6 {[%emt 0:00:31]} 6. O-O {[%emt 0:00:52]} e6 {[%emt 0:00:11]} 7. a3 {[%emt 0:06:46]} Nge7 {[%emt 0:00:05]} 8. Rb1 {[%emt 0:13:28]} O-O {[%emt 0:00:05]} 9. b4 {[%emt 0:01:00]} e5 {[%emt 0:02:43]} 10. Ne1 {[%emt 0:09:38]} f5 {[%emt 0:07:24]} 11. d3 {[%emt 0:03:28]} cxb4 {[%emt 0:08:10]} 12. axb4 {[%emt 0:01:09]} f4 13. Nc2 {[%emt 0:06:26]} Nf5 {[%emt 0:03:28]} 14. Nd5 {[%emt 0:06:08]} Be6 {[%emt 0:03:54]} 15. Bb2 {[%emt 0:01:11]} Nce7 {[%emt 0:03:28]} 16. Nxe7+ {[%emt 0:05:37]} Qxe7 {[%emt 0:00:02]} 17. b5 {[%emt 0:00:39]} Bh6 {[%emt 0:03:55]} 18. d4 {[%emt 0:11:00]} Rad8 {[%emt 0:01:56]} 19. Qd3 {[%emt 0:04:29]} Bg7 {[%emt 0:03:16]} 20. d5 {[%emt 0:01:40]} Bc8 {[%emt 0:01:40]} 21. e4 {[%emt 0:09:15]} Nh6 {[%emt 0:00:24]} 22. Ra1 {[%emt 0:00:46]} Qf6 {[%emt 0:03:41]} 23. Rxa7 {[%emt 0:02:49]} f3 {[%emt 0:00:51]} 24. Bh1 {[%emt 0:00:05]} g5 {[%emt 0:02:35]} 25. Ne3 {[%emt 0:01:01]} Qg6 {[%emt 0:02:52]} 26. c5 {[%emt 0:03:06]} dxc5 {[%emt 0:00:31]} 27. Rc1 {[%emt 0:01:35]} Qb6 {[%emt 0:01:31]} 28. Ra3 {[%emt 0:01:49]} g4 {[%emt 0:00:47]} 29. Qc4 {[%emt 0:01:09]} Nf7 {[%emt 0:01:02]} 30. Nf5 {[%emt 0:01:19]} Bxf5 {[%emt 0:01:46]} 31. exf5 {[%emt 0:00:05]} h5 {[%emt 0:00:01]} 32. Qxc5 {[%emt 0:01:24]} Qxc5 {[%emt 0:00:12]} 33. Rxc5 {[%emt 0:00:06]} Nd6 {[%emt 0:00:30]} 34. Bxf3 {[%emt 0:04:28]} gxf3 {[%emt 0:00:01]} 35. Rxf3 {[%emt 0:00:09]} Rxf5 {[%emt 0:01:03]} 36. Rxf5 {[%emt 0:00:32]} Nxf5 37. Rc7 {[%emt 0:00:47]} Rxd5 {[%emt 0:04:41]} 38. Rxb7 {[%emt 0:00:06]} Nd4 {[%emt 0:02:34]} 39. b6 {[%emt 0:00:50]} Rb5 {[%emt 0:00:01]} 40. Ba3 {[%emt 0:00:57]} e4 {[%emt 0:00:21]} 41. Kg2 {[%emt 0:01:12]} Nc6 {[%emt 0:01:00]} 42. Bc1 {[%emt 0:00:23]} Bd4 {[%emt 0:00:50]} 43. Be3 {[%emt 0:00:32]} Bxe3 {[%emt 0:00:29]} 44. fxe3 {[%emt 0:00:01]} Ne5 {[%emt 0:01:02]} 45. Kf1 {[%emt 0:01:08]} Nc4 {[%emt 0:00:41]} 46. Rb8+ {[%emt 0:00:33]} Kg7 47. Rc8 {[%emt 0:00:29]} Nxb6 {[%emt 0:01:18]} 48. Re8 {[%emt 0:00:13]} Rb4 {[%emt 0:00:30]} 49. h3 {[%emt 0:00:30]} Nd5 {[%emt 0:00:35]} 50. Re5 {[%emt 0:00:23]} Nf6 {[%emt 0:00:37]} 51. Kf2 {[%emt 0:00:50]} Rb2+ {[%emt 0:00:16]} 52. Kf1 {[%emt 0:00:07]} Rh2 {[%emt 0:00:37]} 53. g4 {[%emt 0:00:34]} Rxh3 {[%emt 0:00:38]} 54. g5 {[%emt 0:00:10]} Ng4 {[%emt 0:00:25]} 55. Rxe4 {[%emt 0:00:17]} Rxe3 {[%emt 0:00:22]} 56. Ra4 {[%emt 0:00:20]} Kg6 {[%emt 0:00:11]} 57. Kg2 {[%emt 0:00:57]} Kxg5 {[%emt 0:00:10]} 58. Ra2 {[%emt 0:00:30]} Kf4 {[%emt 0:00:40]} 59. Ra4+ {[%emt 0:00:31]} Re4 {[%emt 0:00:15]} 60. Ra2 {[%emt 0:00:26]} Ne5 {[%emt 0:00:58]} 61. Kh3 {[%emt 0:00:47]} Ng6 {[%emt 0:00:28]} 62. Rf2+ {[%emt 0:00:29]} Kg5 {[%emt 0:00:11]} 63. Rg2+ {[%emt 0:00:15]} Rg4 {[%emt 0:00:07]} 64. Ra2 {[%emt 0:00:08]} Nf4+ {[%emt 0:00:29]} 65. Kh2 {[%emt 0:00:05]} Rh4+ {[%emt 0:00:28]} 66. Kg1 {[%emt 0:00:05]} Kg4 {[%emt 0:00:30]} 67. Ra8 {[%emt 0:00:27]} Rh3 {[%emt 0:00:19]} 68. Ra4 {[%emt 0:00:31]} h4 {[%emt 0:00:52]} 69. Rb4 {[%emt 0:00:41]} Rf3 {[%emt 0:00:47]} 70. Kh2 {[%emt 0:00:42]} Rf2+ {[%emt 0:00:15]} 71. Kg1 {[%emt 0:00:24]} Kg3 {[%emt 0:00:19]} 72. Rb3+ {[%emt 0:00:16]} Rf3 {[%emt 0:00:02]} 73. Rb1 {[%emt 0:00:14]} Nh3+ {[%emt 0:00:54]} 74. Kh1 {[%emt 0:00:04]} Nf2+ {[%emt 0:00:15]} 75. Kg1 {[%emt 0:00:05]} h3 {[%emt 0:00:15]} 76. Kf1 {[%emt 0:00:19]} h2 {[%emt 0:01:42]} 0-1

[Event "94th Paris-ch  2019"]
[Site "Paris"]
[Date "2019.07.09"]
[Round "4.14"]
[White "Anand Nadar"]
[Black "Smith, Matthieu"]
[Result "1-0"]
[WhiteElo "2358"]
[BlackElo "2208"]
[Annotator "NA"]
[PlyCount "133"]
[EventDate "2019.07.07"]
[EventType "swiss"]
[EventCountry "FRA"]
[SourceTitle "playchess.com"]
[Source "ChessBase"]
[SourceDate "2019.07.09"]
[SourceQuality "1"]
[TimeControl "5400+30"]

1. d4 {[%emt 0:00:03]} Nf6 {[%emt 0:00:29]} 2. c4 {[%emt 0:00:10]} e6 {[%emt 0:00:29]} 3. g3 {[%emt 0:00:05]} Bb4+ {[%emt 0:00:33]} 4. Bd2 {[%emt 0:00:43]} Bxd2+ {[%emt 0:00:11]} 5. Qxd2 {[%emt 0:00:33]} d5 {[%emt 0:00:14]} 6. Bg2 {[%emt 0:00:46]} c6 {[%emt 0:13:57]} 7. Nf3 {[%emt 0:02:46]} Nbd7 {[%emt 0:00:35]} 8. Qc2 {[%emt 0:12:22]} O-O {[%emt 0:06:37]} 9. Nbd2 {[%emt 0:03:10]} b6 {[%emt 0:03:11]} 10. O-O {[%emt 0:09:31]} Bb7 {[%emt 0:01:30]} 11. Rad1 {[%emt 0:09:44]} Qb8 {[%emt 0:03:57]} 12. Rfe1 {[%emt 0:11:56]} h6 {[%emt 0:05:12]} 13. e4 {[%emt 0:07:12]} dxe4 {[%emt 0:03:40]} 14. Nxe4 {[%emt 0:00:16]} Nxe4 {[%emt 0:03:00]} 15. Qxe4 {[%emt 0:01:07]} c5 {[%emt 0:00:51]} 16. Qe3 {[%emt 0:00:21]} cxd4 {[%emt 0:02:26]} 17. Rxd4 {[%emt 0:00:58]} Nf6 {[%emt 0:02:40]} 18. Qe5 {[%emt 0:02:05]} Qxe5 {[%emt 0:02:15]} 19. Nxe5 {[%emt 0:01:26]} Bxg2 {[%emt 0:00:09]} 20. Kxg2 {[%emt 0:00:04]} Rfd8 {[%emt 0:02:47]} 21. Red1 {[%emt 0:01:36]} Rxd4 {[%emt 0:00:07]} 22. Rxd4 {[%emt 0:00:04]} Rc8 {[%emt 0:00:55]} 23. h4 {[%emt 0:05:09]} Kf8 {[%emt 0:16:38]} 24. g4 {[%emt 0:09:49]} Rc7 {[%emt 0:04:08]} 25. b4 {[%emt 0:03:48]} Ke8 {[%emt 0:06:14]} 26. b5 {[%emt 0:01:08]} Nd7 {[%emt 0:00:46]} 27. Nc6 {[%emt 0:00:08]} a5 {[%emt 0:00:49]} 28. Rd6 {[%emt 0:00:30]} g5 {[%emt 0:10:00]} 29. hxg5 {[%emt 0:05:07]} hxg5 {[%emt 0:00:02]} 30. Kf3 {[%emt 0:02:29]} Kf8 {[%emt 0:00:42]} 31. Ke3 {[%emt 0:00:32]} Kg7 {[%emt 0:01:57]} 32. Kd4 {[%emt 0:00:58]} Kf8 {[%emt 0:03:00]} 33. f3 {[%emt 0:01:24]} Ke8 {[%emt 0:01:50]} 34. Kc3 {[%emt 0:03:45]} Kf8 {[%emt 0:00:13]} 35. Rd1 {[%emt 0:00:41]} Kg7 {[%emt 0:00:40]} 36. Rd6 {[%emt 0:00:07]} Kf8 {[%emt 0:02:14]} 37. Kd2 {[%emt 0:00:21]} Kg7 {[%emt 0:00:13]} 38. Ke3 {[%emt 0:02:12]} Kf8 {[%emt 0:00:41]} 39. f4 {[%emt 0:00:11]} gxf4+ {[%emt 0:00:21]} 40. Kxf4 Kg7 {[%emt 0:00:29]} 41. g5 {[%emt 0:00:31]} Kh7 {[%emt 0:01:43]} 42. g6+ {[%emt 0:01:31]} Kg7 {[%emt 0:01:43]} 43. gxf7 {[%emt 0:00:20]} Kxf7 {[%emt 0:00:26]} 44. Kg5 {[%emt 0:00:06]} Nc5 {[%emt 0:00:39]} 45. Ne5+ {[%emt 0:00:17]} Ke7 {[%emt 0:01:00]} 46. Rxb6 {[%emt 0:00:01]} Nd7 {[%emt 0:00:25]} 47. Nc6+ {[%emt 0:00:49]} Kd6 {[%emt 0:00:32]} 48. Ra6 {[%emt 0:00:11]} Kc5 {[%emt 0:00:28]} 49. Nxa5 {[%emt 0:00:45]} Kb4 {[%emt 0:00:36]} 50. Kf4 {[%emt 0:02:45]} e5+ {[%emt 0:00:01]} 51. Ke3 {[%emt 0:00:09]} Nc5 {[%emt 0:00:19]} 52. Ra8 {[%emt 0:01:01]} Rh7 {[%emt 0:00:13]} 53. b6 {[%emt 0:00:38]} Rh3+ {[%emt 0:00:18]} 54. Ke2 {[%emt 0:00:16]} Rh2+ {[%emt 0:00:31]} 55. Kf3 {[%emt 0:00:20]} Rxa2 {[%emt 0:00:25]} 56. Nc6+ {[%emt 0:00:30]} Kb3 {[%emt 0:00:10]} 57. Rxa2 {[%emt 0:00:26]} Kxa2 {[%emt 0:00:05]} 58. Nxe5 {[%emt 0:00:40]} Kb3 {[%emt 0:00:54]} 59. Ke3 {[%emt 0:00:02]} Kc3 {[%emt 0:00:46]} 60. Nd3 {[%emt 0:00:41]} Nd7 {[%emt 0:01:33]} 61. b7 {[%emt 0:00:38]} Nb8 {[%emt 0:00:41]} 62. Ne5 {[%emt 0:00:01]} Kb4 {[%emt 0:00:14]} 63. Kd4 {[%emt 0:00:07]} Ka5 {[%emt 0:00:12]} 64. Kc5 {[%emt 0:01:33]} Na6+ {[%emt 0:01:10]} 65. Kc6 {[%emt 0:00:10]} Nb8+ {[%emt 0:00:14]} 66. Kc7 {[%emt 0:00:17]} Na6+ {[%emt 0:00:06]} 67. Kc8 {[%emt 0:00:09]} 1-0

[Event "94th Paris-ch  2019"]
[Site "Paris"]
[Date "2019.07.09"]
[Round "4.15"]
[White "Materia, Marco"]
[Black "Manoeuvre, Antoine"]
[Result "0-1"]
[WhiteElo "2243"]
[BlackElo "2325"]
[Annotator "NA"]
[PlyCount "85"]
[EventDate "2019.07.07"]
[EventType "swiss"]
[EventCountry "FRA"]
[SourceTitle "playchess.com"]
[Source "ChessBase"]
[SourceDate "2019.07.09"]
[SourceQuality "1"]
[TimeControl "5400+30"]

1. d4 {[%emt 0:08:41]} Nf6 {[%emt 0:09:30]} 2. c4 {[%emt 0:00:07]} g6 {[%emt 0:00:05]} 3. Nc3 {[%emt 0:00:11]} Bg7 {[%emt 0:00:12]} 4. e4 {[%emt 0:00:14]} d6 {[%emt 0:00:07]} 5. Nf3 {[%emt 0:00:16]} O-O {[%emt 0:00:08]} 6. Be2 {[%emt 0:00:05]} Nbd7 {[%emt 0:01:57]} 7. Be3 {[%emt 0:04:55]} e5 {[%emt 0:00:38]} 8. d5 {[%emt 0:00:55]} Ng4 {[%emt 0:04:42]} 9. Bg5 {[%emt 0:01:10]} f6 {[%emt 0:02:36]} 10. Bh4 {[%emt 0:02:02]} h5 {[%emt 0:04:05]} 11. Nd2 {[%emt 0:03:57]} Nb8 {[%emt 0:09:29]} 12. h3 {[%emt 0:07:19]} Nh6 {[%emt 0:00:46]} 13. f3 {[%emt 0:04:17]} c5 {[%emt 0:08:26]} 14. dxc6 {[%emt 0:08:09]} Nxc6 {[%emt 0:01:09]} 15. Nb3 {[%emt 0:04:28]} Be6 {[%emt 0:15:00]} 16. Qd2 {[%emt 0:06:33]} Rf7 {[%emt 0:04:28]} 17. O-O-O {[%emt 0:10:00]} Rd7 {[%emt 0:01:04]} 18. Kb1 {[%emt 0:01:18]} Nf7 {[%emt 0:05:48]} 19. Nd5 {[%emt 0:03:19]} Ng5 {[%emt 0:06:02]} 20. g4 {[%emt 0:07:56]} hxg4 {[%emt 0:05:18]} 21. hxg4 {[%emt 0:01:51]} Bf7 {[%emt 0:00:38]} 22. Qe3 {[%emt 0:02:04]} Ne6 {[%emt 0:03:21]} 23. Bf2 {[%emt 0:06:14]} b6 {[%emt 0:00:59]} 24. Bg3 {[%emt 0:04:46]} g5 {[%emt 0:01:57]} 25. Bf2 {[%emt 0:02:38]} Rc8 {[%emt 0:01:05]} 26. Qd2 {[%emt 0:01:00]} Bg6 {[%emt 0:02:00]} 27. Ne3 {[%emt 0:02:02]} Nf4 {[%emt 0:05:13]} 28. Bg3 {[%emt 0:02:04]} Nxe2 {[%emt 0:01:28]} 29. Qxe2 {[%emt 0:00:50]} Ne7 30. Nd5 {[%emt 0:00:33]} Nxd5 {[%emt 0:00:49]} 31. cxd5 {[%emt 0:00:31]} Rdc7 {[%emt 0:00:05]} 32. Be1 {[%emt 0:01:51]} Rc4 {[%emt 0:01:18]} 33. Bc3 {[%emt 0:00:41]} Qd7 {[%emt 0:00:32]} 34. Nd2 {[%emt 0:00:33]} R4c5 {[%emt 0:00:10]} 35. Rc1 {[%emt 0:01:21]} Rxd5 {[%emt 0:01:58]} 36. Bb4 {[%emt 0:01:04]} Rd4 {[%emt 0:03:32]} 37. Bc3 {[%emt 0:00:24]} Rd5 {[%emt 0:00:29]} 38. Bb4 {[%emt 0:00:17]} Rd4 {[%emt 0:00:05]} 39. Bc3 {[%emt 0:00:36]} Rd5 {[%emt 0:01:46]} 40. Bb4 {[%emt 0:02:05]} Rd4 {[%emt 0:00:06]} 41. Bc3 {[%emt 0:00:01]} Ra4 {[%emt 0:00:01]} 42. b3 Ra3 {[%emt 0:00:01]} 43. b4 {[%emt 0:00:04]} 0-1

[Event "94th Paris-ch  2019"]
[Site "Paris"]
[Date "2019.07.09"]
[Round "4.16"]
[White "Lux, Hugo de Melo"]
[Black "O`Sullivan, Thomas"]
[Result "1/2-1/2"]
[WhiteElo "2231"]
[BlackElo "2291"]
[Annotator "NA"]
[PlyCount "85"]
[EventDate "2019.07.07"]
[EventType "swiss"]
[EventCountry "FRA"]
[SourceTitle "playchess.com"]
[Source "ChessBase"]
[SourceQuality "1"]
[TimeControl "5400+30"]

1. e4 {[%emt 0:13:35]} c5 {[%emt 0:13:22]} 2. Nc3 {[%emt 0:00:00]} a6 {[%emt 0:00:17]} 3. g3 {[%emt 0:00:00]} b5 {[%emt 0:00:32]} 4. Bg2 {[%emt 0:00:00]} Bb7 {[%emt 0:00:16]} 5. a4 {[%emt 0:00:00]} b4 {[%emt 0:00:28]} 6. Nd5 {[%emt 0:00:00]} e6 {[%emt 0:00:12]} 7. Ne3 {[%emt 0:00:00]} Nf6 {[%emt 0:00:20]} 8. d3 {[%emt 0:00:00]} d5 {[%emt 0:00:23]} 9. exd5 {[%emt 0:00:00]} Nxd5 {[%emt 0:00:09]} 10. Nc4 {[%emt 0:00:00]} Be7 {[%emt 0:00:54]} 11. Nf3 {[%emt 0:00:00]} Nc6 {[%emt 0:02:34]} 12. O-O {[%emt 0:00:00]} O-O {[%emt 0:03:16]} 13. a5 {[%emt 0:00:00]} Qc7 {[%emt 0:03:01]} 14. Re1 {[%emt 0:00:00]} Rad8 {[%emt 0:05:49]} 15. h4 {[%emt 0:06:16]} h6 {[%emt 0:16:58]} 16. Nfe5 {[%emt 0:12:57]} Nxe5 {[%emt 0:01:24]} 17. Nxe5 {[%emt 0:00:25]} Nf6 {[%emt 0:07:00]} 18. Nc4 {[%emt 0:06:59]} Bxg2 {[%emt 0:01:04]} 19. Kxg2 {[%emt 0:02:44]} Qb7+ {[%emt 0:01:46]} 20. Qf3 {[%emt 0:00:33]} Qxf3+ {[%emt 0:00:41]} 21. Kxf3 {[%emt 0:00:02]} b3 {[%emt 0:00:11]} 22. Ke2 {[%emt 0:25:50]} bxc2 {[%emt 0:01:01]} 23. Bd2 {[%emt 0:00:16]} Nd5 {[%emt 0:21:08]} 24. Rec1 {[%emt 0:01:04]} Nb4 {[%emt 0:05:02]} 25. Bxb4 cxb4 {[%emt 0:00:02]} 26. Rxc2 {[%emt 0:02:24]} Bf6 {[%emt 0:00:42]} 27. Ra4 {[%emt 0:02:24]} b3 {[%emt 0:02:04]} 28. Rd2 {[%emt 0:11:46]} Rd5 {[%emt 0:02:34]} 29. Rb4 {[%emt 0:10:04]} Rb5 {[%emt 0:00:52]} 30. Rxb5 {[%emt 0:00:05]} axb5 {[%emt 0:00:01]} 31. Nb6 {[%emt 0:00:08]} Bd4 {[%emt 0:00:15]} 32. Rd1 {[%emt 0:00:11]} Bxb2 {[%emt 0:06:15]} 33. Rb1 {[%emt 0:01:15]} Bc3 {[%emt 0:00:16]} 34. Rxb3 {[%emt 0:00:43]} Bxa5 {[%emt 0:00:02]} 35. Rxb5 {[%emt 0:00:08]} Bc3 {[%emt 0:01:11]} 36. Nd7 {[%emt 0:01:44]} Ra8 {[%emt 0:01:53]} 37. Rb8+ {[%emt 0:00:05]} Rxb8 {[%emt 0:00:07]} 38. Nxb8 {[%emt 0:00:01]} Kf8 {[%emt 0:00:25]} 39. Ke3 {[%emt 0:02:43]} Ke7 {[%emt 0:00:16]} 40. Nc6+ {[%emt 0:00:13]} Kd6 {[%emt 0:00:40]} 41. Nd4 {[%emt 0:00:01]} Kd5 {[%emt 0:01:49]} 42. Ne2 {[%emt 0:00:10]} Ba5 {[%emt 0:01:11] Ke4+ Ke5+} 43. d4 {[%emt 0:00:45]} 1/2-1/2

[Event "94th Paris-ch  2019"]
[Site "Paris"]
[Date "2019.07.09"]
[Round "4.18"]
[White "Hingouet, Matthieu"]
[Black "French, Max"]
[Result "1/2-1/2"]
[WhiteElo "2245"]
[BlackElo "2232"]
[Annotator "NA"]
[PlyCount "49"]
[EventDate "2019.07.07"]
[EventType "swiss"]
[EventCountry "FRA"]
[SourceTitle "playchess.com"]
[Source "ChessBase"]
[SourceQuality "1"]
[TimeControl "5400+30"]

1. d4 {[%emt 0:00:00]} Nf6 {[%emt 0:00:00]} 2. c4 {[%emt 0:00:00]} e6 {[%emt 0:00:00]} 3. Nc3 {[%emt 0:00:00]} Bb4 {[%emt 0:00:00]} 4. e3 {[%emt 0:00:00]} O-O {[%emt 0:00:00]} 5. Bd3 {[%emt 0:00:16]} d5 {[%emt 0:00:11]} 6. Nf3 {[%emt 0:00:24]} c5 {[%emt 0:00:08]} 7. O-O {[%emt 0:00:23]} dxc4 {[%emt 0:00:16]} 8. Bxc4 {[%emt 0:00:05]} Nc6 {[%emt 0:00:20]} 9. a3 {[%emt 0:09:33]} Ba5 {[%emt 0:00:54]} 10. Bd3 {[%emt 0:06:17]} Kh8 {[%emt 0:33:12]} 11. Ne2 {[%emt 0:10:47]} cxd4 {[%emt 0:02:09]} 12. exd4 {[%emt 0:02:00]} Bb6 {[%emt 0:02:23]} 13. Bc2 {[%emt 0:01:16]} h6 {[%emt 0:01:04]} 14. Be3 {[%emt 0:07:59]} Bc7 {[%emt 0:02:07]} 15. Bf4 {[%emt 0:09:36]} Bxf4 {[%emt 0:03:41]} 16. Nxf4 {[%emt 0:00:05]} Qd6 {[%emt 0:03:35]} 17. Qd2 {[%emt 0:03:40]} e5 {[%emt 0:06:28]} 18. dxe5 {[%emt 0:01:13]} Qxd2 {[%emt 0:00:08]} 19. Nxd2 {[%emt 0:00:03]} Nxe5 {[%emt 0:00:09]} 20. Rfe1 {[%emt 0:05:11]} Nc6 {[%emt 0:02:35]} 21. Nc4 {[%emt 0:03:41]} Nd4 {[%emt 0:01:44]} 22. Bd3 {[%emt 0:01:49]} Ne6 {[%emt 0:01:11]} 23. Nxe6 {[%emt 0:02:10]} Bxe6 {[%emt 0:00:07]} 24. Ne5 {[%emt 0:00:47]} Kg8 {[%emt 0:03:28]} 25. f3 {[%emt 0:03:52]} 1/2-1/2